LEADER 00701nam0 2200265 450 001 000002787 005 20080716145100.0 010 $a978-88-386-6465-6 100 $a20010508d2007----km-y0itay50------ba 101 1 $aita 102 $aIT 105 $aa------------ 200 1 $aConcretum$fLuigi Coppola 210 $aMilano$cMcGraw-Hill$dc2007 215 $aXVII, 656 p.$cill.$d24 cm 225 2 $aTecnologie 410 0$12001$aTecnologie 610 1 $aCalcestruzzi 676 $a620.136 700 1$aCoppola,$bLuigi$079488 801 0$aIT$bUNIPARTHENOPE$gRICA$2UNIMARC 912 $a000002787 951 $cPIST$aP1 620-C/3$b39954$d20071114 996 $aConcretum$91223829 997 $aUNIPARTHENOPE